| 000 | 01253nam a2200301 c 4500 | ||
|---|---|---|---|
| 003 | BLK | ||
| 005 | 20210621103553.0 | ||
| 008 | 180411b bul|||||r ||||||| ||bul|| | ||
| 010 | _aKNG00216143000 | ||
| 040 | _aBLK | ||
| 041 |
_aBUL _cBUL |
||
| 080 |
_aВоенна история - Военни походи, битки, героични подвизи. Вж и 93/99 _b355.48 _x(47+57)(092) _z355.48(47+57)(092) |
||
| 080 |
_aБиографии _b929 _x _z929 |
||
| 100 | 1 |
_aКондратиев, Николай Димитриевич _eпърви автор _9254253 |
|
| 700 | 1 |
_aПрижибиловска, Боряна _eпрев. от рус. _9350936 |
|
| 139 |
_aКондратиев, Николай Димитриевич _bК 81 |
||
| 245 | 1 | 0 |
_aВ. К. Блюхер _bБиогр. _cНиколай Димитриевич Кондратиев; прев. от рус. Боряна Прижибиловска. |
| 257 | _aBGR | ||
| 260 |
_аСофия _bВоен. изд. _c1988 |
||
| 300 |
_a300 с. _c21 см |
||
| 380 | _a3 | ||
| 490 | 1 | _aПълководци | |
| 852 | _aЦб 151906 | ||
| 856 | 4 |
_qpdf _u |
|
| 856 | 4 |
_qpdf _u |
|
| 942 |
_cKNG _n0 _01 |
||
| 944 |
_aCR _c16.02.2018 _kХристина_Везирева |
||
| 944 |
_aED _c16.02.2018 _kХристина_Везирева |
||
| 999 |
_c206394 _d206394 |
||